| 000 | 00786nam a22002417a 4500 | ||
|---|---|---|---|
| 999 |
_c14945 _d14945 |
||
| 003 | MIRAKIL | ||
| 005 | 20220630115833.0 | ||
| 008 | 220630b tu ||||| |||| 00| 0 tur d | ||
| 020 | _a9786053995784 | ||
| 040 |
_aTR-AnCHP _cTR-AnCHP |
||
| 041 | _atur | ||
| 082 |
_a320.01 _bÇ23 2022 |
||
| 245 |
_aÇağdaş siyaset teorisi / _cderleyen Muhammed A. Ağcan. |
||
| 260 |
_aİstanbul: _bİstanbul Bilgi Üniversitesi Yayınları, _c2022. |
||
| 300 |
_ax, 487 s.: _c23 sm. |
||
| 490 |
_aİstanbul Bilgi Üniversitesi Yayınları ; _aSiyaset Bilimi ; _v689. _v11. |
||
| 504 | _aKaynakça bölüm sonlarındadır. | ||
| 504 | _aDizin vardır. | ||
| 650 | 0 |
_9801 _aSiyaset felsefesi |
|
| 650 | 0 |
_95084 _aSiyaset Bilimi |
|
| 700 |
_97136 _aAğcan, Muhammed A. _eder. |
||
| 942 |
_2ddc _cBKS |
||